Jelly Roll Charting Songs (Billboard Hot 100) - Statistics

General Stats
  • This quiz has been taken 55 times
    10 since last reset
  • The average score is 7 of 21
Answer Stats
Album Weeks On Peak Artist(s) Song % Correct
Beautifully Broken 24 Weeks #31 Jelly Roll Liar
100%
Beautifully Broken 32 Weeks #14 Jelly Roll I Am Not Okay
67%
Non-Album Single 20 Weeks #32 Alex Warren & Jelly Roll Bloodline
50%
Beautifully Broken (Pickin' Up the Pieces) 16 Weeks #33 mgk & Jelly Roll Lonely Road
50%
Whitsitt Chapel 47 Weeks #13 Jelly Roll Need a Favor
50%
Whitsitt Chapel 37 Weeks #19 Jelly Roll & Lainey Wilson Save Me
50%
The Death of Slim Shady (Coup de Grâce) 3 Weeks #27 Eminem & Jelly Roll Somebody Save Me
50%
Not Now, I'm Busy 1 Week #93 Joyner Lucas & Jelly Roll Best For Me
33%
F-1 Trillion 5 Weeks #25 Post Malone ft. Jelly Roll Losers
33%
Ballads of the Broken 28 Weeks #31 Jelly Roll Son of a Sinner
33%
Popular Monster 1 Week #77 Falling In Reverse & Jelly Roll All My Life
17%
Where I've Been, Isn't Where I'm Going: The Complete Edition 46 Weeks #27 Shaboozey & Jelly Roll Amen
17%
Whitsitt Chapel 12 Weeks #48 Jelly Roll Halfway to Hell
17%
King of Hearts 27 Weeks #40 Brandon Lake & Jelly Roll Hard Fought Hallelujah
17%
The High Road 7 Weeks #58 Kane Brown ft. Jelly Roll Haunted
17%
Non-Album Single 5 Weeks #79 Marshmello & Jelly Roll Holy Water
17%
Tha Carter VI 1 Week #54 Lil Wayne, Jelly Roll & Big Sean Sharks
17%
That Ain't No Man That's the Devil 37 Weeks #35 Jessie Murph ft. Jelly Roll Wild Ones
17%
I Hope You're Happy 1 Week #61 BigXthaPlug ft. Jelly Roll Box Me Up
0%
Killed the Cowboy 17 Weeks #50 Dustin Lynch ft. Jelly Roll Chevrolet
0%
Beautifully Broken 16 Weeks #53 Jelly Roll Heart of Stone
0%
No matching quizzes found
Score Distribution
Percent of People with Each Score
Percentile by Number Answered
Your Score History
You have not taken this quiz since the last reset